NLSUI OPAC header image

The law of torts (Record no. 10624)

MARC details
000 -LEADER
fixed length control field 00398nam a2200157Ia 4500
008 - FIXED-LENGTH DATA ELEMENTS--GENERAL INFORMATION
fixed length control field 160316s1997 xxu||||| |||| 00| 0 eng d
082 ## - DEWEY DECIMAL CLASSIFICATION NUMBER
Classification number 346.030000
Item number RAT-1
100 ## - MAIN ENTRY--PERSONAL NAME
Personal name Ratanlal Ranchhodas
245 ## - TITLE STATEMENT
Title The law of torts
250 ## - EDITION STATEMENT
Edition statement 23rd
260 ## - PUBLICATION, DISTRIBUTION, ETC.
Place of publication, distribution, etc. Nagpur
Name of publisher, distributor, etc. Wadhwa & Co.
Date of publication, distribution, etc. 1997
300 ## - PHYSICAL DESCRIPTION
Extent 822p
Other physical details
Dimensions
365 ## - TRADE PRICE
Price amount 220/-
650 ## - SUBJECT ADDED ENTRY--TOPICAL TERM
Topical term or geographic name entry element 1. Torts Law
700 ## - ADDED ENTRY--PERSONAL NAME
Personal name Dhirajlal Keshavlal Thakore
--
Holdings
Withdrawn status Lost status Source of classification or shelving scheme Damaged status Not for loan Home library Current library Shelving location Date acquired Cost, normal purchase price Total Checkouts Full call number Barcode Date last seen Date last checked out Price effective from Koha item type
    Dewey Decimal Classification     NLS NLS Old Edition Books Section 30/05/2017 220.00 1 346.03 RAT-1 10911 27/08/2024 24/08/2024 30/05/2017 BOOKs